[Event "EYCC 2024 - O10"]
[Site "?"]
[Date "2024.08.28"]
[Round "6.1"]
[White "Uzdemir, Ali Poyraz"]
[Black "Kolodziejczyk, Boris"]
[Result "1-0"]
[BlackElo "1983"]
[WhiteElo "2008"]
[LiveChessVersion "1.4.8"]

1. e4 {[%clk 1:30:52]} c5 {[%clk 1:30:53]} 2. Nf3 {[%clk 1:31:16]} Nc6
{[%clk 1:31:18]} 3. d4 {[%clk 1:31:39]} cxd4 {[%clk 1:31:26]} 4. Nxd4
{[%clk 1:32:03]} Nf6 {[%clk 1:31:42]} 5. Nc3 {[%clk 1:31:52]} e5 {[%clk 1:31:20]}
6. Ndb5 {[%clk 1:32:05]} d6 {[%clk 1:31:28]} 7. Bg5 {[%clk 1:32:15]} a6
{[%clk 1:31:50]} 8. Na3 {[%clk 1:32:31]} b5 {[%clk 1:32:14]} 9. Nd5
{[%clk 1:32:45]} Be7 {[%clk 1:32:37]} 10. Bxf6 {[%clk 1:32:57]} Bxf6
{[%clk 1:33:04]} 11. c4 {[%clk 1:33:10]} b4 {[%clk 1:33:28]} 12. Nc2
{[%clk 1:33:37]} O-O {[%clk 1:33:50]} 13. g3 {[%clk 1:27:23]} a5 {[%clk 1:29:47]}
14. Bg2 {[%clk 1:25:39]} Rb8 {[%clk 1:27:33]} 15. b3 {[%clk 1:23:52]} Be6
{[%clk 1:10:43]} 16. O-O {[%clk 1:14:48]} Rc8 {[%clk 1:02:03]} 17. Nce3
{[%clk 1:07:46]} Bg5 {[%clk 0:56:42]} 18. Qd3 {[%clk 1:04:04]} Bxe3
{[%clk 0:54:19]} 19. Nxe3 {[%clk 1:04:17]} Qb6 {[%clk 0:53:33]} 20. f4
{[%clk 0:54:23]} f6 {[%clk 0:45:43]} 21. Kh1 {[%clk 0:48:39]} Rfd8
{[%clk 0:40:02]} 22. f5 {[%clk 0:44:50]} Bf7 {[%clk 0:39:15]} 23. g4
{[%clk 0:45:05]} a4 {[%clk 0:32:52]} 24. Nc2 {[%clk 0:30:04]} Ra8
{[%clk 0:22:36]} 25. Qg3 {[%clk 0:26:41]} Nd4 {[%clk 0:15:12]} 26. Nxd4
{[%clk 0:20:03]} Qxd4 {[%clk 0:15:30]} 27. Rad1 {[%clk 0:20:28]} Qc5
{[%clk 0:15:26]} 28. g5 {[%clk 0:20:21]} Kf8 {[%clk 0:15:36]} 29. Qh4
{[%clk 0:20:15]} axb3 {[%clk 0:06:13]} 30. axb3 {[%clk 0:19:48]} Qe3
{[%clk 0:06:16]} 31. gxf6 {[%clk 0:20:08]} Qxb3 {[%clk 0:06:10]} 32. c5
{[%clk 0:18:22]} Qe3 {[%clk 0:02:13]} 33. Qxh7 {[%clk 0:15:44]} gxf6
{[%clk 0:02:14]} 34. Qh8+ {[%clk 0:15:39]} Ke7 {[%clk 0:02:11]} 35. cxd6+
{[%clk 0:16:03]} Rxd6 {[%clk 0:02:01]} 36. Qxa8 {[%clk 0:16:15]} 1-0

[Event "EYCC 2024 - O10"]
[Site "?"]
[Date "2024.08.28"]
[Round "6.2"]
[White "Lishoy Gengis Paratazham, Dildarav"]
[Black "Llari, Marc"]
[Result "0-1"]
[BlackElo "2224"]
[WhiteElo "1962"]
[LiveChessVersion "1.4.8"]

1. c4 {[%clk 1:30:59]} c5 {[%clk 1:30:27]} 2. Nc3 {[%clk 1:31:11]} Nc6
{[%clk 1:30:52]} 3. g3 {[%clk 1:31:34]} g6 {[%clk 1:31:06]} 4. Bg2
{[%clk 1:32:01]} Bg7 {[%clk 1:31:30]} 5. d3 {[%clk 1:32:19]} e6 {[%clk 1:31:35]}
6. e4 {[%clk 1:24:33]} Nge7 {[%clk 1:30:21]} 7. Nge2 {[%clk 1:22:40]} d6
{[%clk 1:28:08]} 8. h4 {[%clk 1:18:18]} h6 {[%clk 1:23:22]} 9. Qd2
{[%clk 1:06:48]} a6 {[%clk 1:21:53]} 10. b3 {[%clk 1:04:17]} b5 {[%clk 1:20:25]}
11. Bb2 {[%clk 1:01:42]} bxc4 {[%clk 1:18:13]} 12. dxc4 {[%clk 0:54:55]} e5
{[%clk 1:14:11]} 13. Nd5 {[%clk 0:52:02]} O-O {[%clk 1:12:09]} 14. O-O
{[%clk 0:51:27]} Nd4 {[%clk 1:11:56]} 15. Nxd4 {[%clk 0:51:45]} cxd4
{[%clk 1:11:51]} 16. Ba3 {[%clk 0:51:20]} Nxd5 {[%clk 1:10:17]} 17. cxd5
{[%clk 0:41:23]} a5 {[%clk 1:08:39]} 18. b4 {[%clk 0:32:06]} f5 {[%clk 1:05:46]}
19. b5 f4 {[%clk 1:02:24]} 20. Qe2 {[%clk 0:25:28]} Ra7 {[%clk 1:01:17]} 21. Rac1
{[%clk 0:23:21]} Raf7 {[%clk 1:00:34]} 22. Qd3 {[%clk 0:22:03]} Bf6
{[%clk 0:55:36]} 23. Bb2 {[%clk 0:12:25]} Bxh4 {[%clk 0:54:33]} 24. Kh2
{[%clk 0:06:50]} f3 {[%clk 0:51:45]} 25. Rxc8 {[%clk 0:06:02]} Qxc8
{[%clk 0:51:54]} 26. Bh3 {[%clk 0:06:20]} Qd8 {[%clk 0:51:54]} 27. gxh4
{[%clk 0:04:18]} Qxh4 {[%clk 0:52:09]} 28. Bc1 {[%clk 0:04:31]} g5
{[%clk 0:52:09]} 29. Rg1 {[%clk 0:04:01]} Qxf2+ {[%clk 0:52:26]} 30. Kh1
{[%clk 0:04:29]} Qh4 {[%clk 0:52:16]} 31. Qf1 {[%clk 0:04:38]} f2
{[%clk 0:52:33]} 32. Rg4 {[%clk 0:04:48]} Qxh3+ {[%clk 0:52:00]} 33. Qxh3
{[%clk 0:05:15]} f1=Q+ {[%clk 0:52:19]} 34. Qxf1 {[%clk 0:05:36]} Rxf1+
{[%clk 0:52:45]} 35. Rg1 {[%clk 0:06:01]} Rxg1+ {[%clk 0:53:07]} 36. Kxg1
{[%clk 0:06:30]} a4 {[%clk 0:53:22]} 37. Ba3 {[%clk 0:06:47]} Rd8
{[%clk 0:53:41]} 38. Kf2 {[%clk 0:07:08]} Kf7 {[%clk 0:54:04]} 39. Bb4
{[%clk 0:07:28]} Ke7 {[%clk 0:54:26]} 40. Ba5 {[%clk 0:07:54]} Ra8
{[%clk 0:54:44]} 41. Bc7 {[%clk 0:08:13]} Kd7 {[%clk 0:55:08]} 42. b6
{[%clk 0:08:42]} Rc8 {[%clk 0:55:28]} 43. b7 {[%clk 0:09:01]} Kxc7
{[%clk 0:55:53]} 44. bxc8=Q+ {[%clk 0:09:22]} Kxc8 {[%clk 0:56:15]} 45. a3
{[%clk 0:09:43]} h5 {[%clk 0:56:39]} 46. Kg2 {[%clk 0:10:10]} Kb7
{[%clk 0:57:04]} 47. Kf2 {[%clk 0:10:39]} Kb6 {[%clk 0:57:30]} 48. Kg2
{[%clk 0:11:05]} Kc5 {[%clk 0:57:56]} 49. Kf2 {[%clk 0:11:30]} Kc4
{[%clk 0:58:22]} 50. Ke2 {[%clk 0:11:56]} Kc3 {[%clk 0:58:49]} 51. Kd1
{[%clk 0:12:24]} h4 {[%clk 0:59:14]} 52. Ke2 {[%clk 0:12:50]} Kc2
{[%clk 0:59:40]} 53. Kf3 {[%clk 0:13:03]} d3 {[%clk 1:00:06]} 54. Kg4
{[%clk 0:13:30]} d2 {[%clk 1:00:32]} 55. Kxg5 {[%clk 0:13:56]} h3
{[%clk 1:00:58]} 56. Kf6 {[%clk 0:14:23]} d1=Q {[%clk 1:01:22]} 57. Ke6
{[%clk 0:14:49]} h2 {[%clk 1:01:46]} 58. Kxd6 {[%clk 0:15:14]} Qd4
{[%clk 1:02:11]} 59. Kc6 {[%clk 0:15:33]} Qxe4 {[%clk 1:02:34]} 60. Kc5
{[%clk 0:15:57]} h1=Q {[%clk 1:02:56]} 61. Kd6 {[%clk 0:15:43]} Qxd5+
{[%clk 1:03:03]} 62. Ke7 {[%clk 0:16:07]} Qh4+ {[%clk 1:03:23]} 63. Ke8
{[%clk 0:16:29]} Qe6+ {[%clk 1:03:47]} 64. Kf8 {[%clk 0:16:53]} Qh8#
{[%clk 1:04:14]} 0-1

[Event "EYCC 2024 - O10"]
[Site "?"]
[Date "2024.08.28"]
[Round "6.3"]
[White "Orman, Attila"]
[Black "Zhang, Junyi"]
[Result "1/2-1/2"]
[BlackElo "1936"]
[WhiteElo "2090"]
[LiveChessVersion "1.4.8"]

1. e4 {[%clk 1:30:59]} c5 {[%clk 1:30:45]} 2. Nf3 {[%clk 1:31:25]} e6
{[%clk 1:31:06]} 3. d4 {[%clk 1:31:52]} cxd4 {[%clk 1:31:31]} 4. Nxd4
{[%clk 1:32:17]} Nf6 {[%clk 1:31:58]} 5. Nc3 {[%clk 1:32:41]} Nc6
{[%clk 1:32:13]} 6. Ndb5 {[%clk 1:33:05]} Bc5 {[%clk 1:32:38]} 7. Bf4
{[%clk 1:33:29]} O-O {[%clk 1:33:03]} 8. Bc7 {[%clk 1:33:56]} Qe7
{[%clk 1:33:29]} 9. Bd6 {[%clk 1:34:23]} Bxd6 {[%clk 1:33:52]} 10. Qxd6
{[%clk 1:34:49]} Qd8 {[%clk 1:34:10]} 11. O-O-O {[%clk 1:35:13]} a6
{[%clk 1:34:34]} 12. Nd4 {[%clk 1:35:38]} Ne7 {[%clk 1:35:00]} 13. h4
{[%clk 1:35:56]} b5 {[%clk 1:35:02]} 14. h5 {[%clk 1:36:21]} Ne8 {[%clk 1:35:22]}
15. Qg3 {[%clk 1:32:23]} h6 {[%clk 1:35:39]} 16. Qe3 {[%clk 1:32:29]} b4
{[%clk 1:29:44]} 17. Nb1 {[%clk 1:32:32]} Qa5 {[%clk 1:29:11]} 18. Bc4
{[%clk 1:27:59]} Bb7 {[%clk 1:20:29]} 19. Nb3 {[%clk 1:26:13]} Qc7
{[%clk 1:20:38]} 20. Qc5 {[%clk 1:25:11]} d5 {[%clk 1:14:57]} 21. exd5
{[%clk 1:21:08]} Bxd5 {[%clk 1:13:23]} 22. Bxd5 {[%clk 1:20:31]} Nxd5 1/2-1/2

[Event "EYCC 2024 - O10"]
[Site "?"]
[Date "2024.08.28"]
[Round "6.4"]
[White "Larion, Iustin"]
[Black "Ivanovic, Leonid"]
[Result "1/2-1/2"]
[BlackElo "2006"]
[WhiteElo "1902"]
[LiveChessVersion "1.4.8"]

1. e4 {[%clk 1:30:23]} c6 {[%clk 1:30:30]} 2. Nc3 {[%clk 1:29:17]} d5
{[%clk 1:30:45]} 3. Nf3 {[%clk 1:29:40]} dxe4 {[%clk 1:30:42]} 4. Nxe4
{[%clk 1:30:04]} Nd7 {[%clk 1:30:43]} 5. Qe2 {[%clk 1:30:24]} Ndf6
{[%clk 1:30:30]} 6. g3 {[%clk 1:30:23]} Nxe4 {[%clk 1:27:43]} 7. Qxe4
{[%clk 1:30:47]} Nf6 {[%clk 1:27:52]} 8. Qe2 {[%clk 1:31:10]} Bg4
{[%clk 1:23:39]} 9. Bg2 {[%clk 1:31:19]} e6 {[%clk 1:21:41]} 10. O-O
{[%clk 1:31:26]} Be7 {[%clk 1:21:39]} 11. h3 {[%clk 1:31:00]} Bh5
{[%clk 1:21:47]} 12. c3 {[%clk 1:30:13]} O-O {[%clk 1:21:29]} 13. d4
{[%clk 1:30:04]} Nd5 {[%clk 1:20:28]} 14. c4 {[%clk 1:21:17]} Nc7
{[%clk 1:17:49]} 15. Be3 {[%clk 1:20:53]} Bxf3 {[%clk 1:12:42]} 16. Qxf3
{[%clk 1:19:32]} Bg5 {[%clk 1:12:39]} 17. Bxg5 {[%clk 1:16:51]} Qxg5
{[%clk 1:11:21]} 18. h4 {[%clk 1:16:34]} Qh6 {[%clk 1:04:42]} 19. Qb3
{[%clk 1:16:10]} Rab8 {[%clk 1:01:42]} 20. Rfd1 {[%clk 1:07:10]} Qf6
{[%clk 0:42:34]} 21. Rd2 {[%clk 1:03:18]} Rfd8 {[%clk 0:33:41]} 22. Rad1
{[%clk 1:03:29]} Ne8 {[%clk 0:31:52]} 23. Qa3 {[%clk 0:53:41]} Nd6
{[%clk 0:29:43]} 24. b3 {[%clk 0:52:59]} a6 {[%clk 0:27:26]} 25. Qa5
{[%clk 0:47:34]} Nf5 {[%clk 0:21:36]} 26. d5 {[%clk 0:46:27]} cxd5
{[%clk 0:18:58]} 27. cxd5 {[%clk 0:46:46]} e5 {[%clk 0:18:39]} 28. d6
{[%clk 0:36:11]} b6 {[%clk 0:16:37]} 29. Qxa6 {[%clk 0:35:19]} Nd4
{[%clk 0:16:54]} 30. Qa7 {[%clk 0:24:44]} Qxd6 {[%clk 0:14:55]} 31. f4
{[%clk 0:21:36]} Rbc8 {[%clk 0:12:24]} 32. fxe5 {[%clk 0:20:28]} Qxe5
{[%clk 0:12:33]} 33. Kh2 {[%clk 0:16:37]} Rd6 {[%clk 0:11:03]} 34. Rf1
{[%clk 0:13:21]} f5 {[%clk 0:07:02]} 35. Rdf2 {[%clk 0:09:02]} Rg6
{[%clk 0:05:09]} 36. Rf4 {[%clk 0:07:02]} Ne2 {[%clk 0:04:05]} 37. Qd7
{[%clk 0:06:25]} Qc3 {[%clk 0:02:12]} 38. R4f3 {[%clk 0:04:52]} Qc2
{[%clk 0:01:16]} 39. Qxf5 {[%clk 0:03:41]} Qxf5 {[%clk 0:00:36]} 40. Rxf5
{[%clk 0:04:06]} h6 {[%clk 0:00:47]} 41. Rf8+ {[%clk 0:03:17]} Rxf8
{[%clk 0:00:50]} 42. Bd5+ {[%clk 0:03:42]} Kh7 {[%clk 0:01:10]} 43. Rxf8
{[%clk 0:03:58]} Rd6 {[%clk 0:00:56]} 44. Bg8+ {[%clk 0:04:19]} Kg6
{[%clk 0:01:15]} 45. Bf7+ {[%clk 0:04:42]} Kh7 {[%clk 0:01:35]} 46. h5
{[%clk 0:04:56]} g6 {[%clk 0:01:34]} 47. hxg6+ {[%clk 0:04:54]} Kg7
{[%clk 0:01:58]} 48. Rg8+ {[%clk 0:05:08]} Kf6 {[%clk 0:02:22]} 49. Rh8
{[%clk 0:04:33]} Rd2 {[%clk 0:02:35]} 50. Rxh6 {[%clk 0:03:18]} Nd4+
{[%clk 0:02:24]} 51. Kg1 {[%clk 0:01:16]} Nf3+ {[%clk 0:02:34]} 52. Kf1
{[%clk 0:01:32]} Nh2+ {[%clk 0:02:35]} 53. Rxh2 {[%clk 0:00:44]} Rxh2
{[%clk 0:03:03]} 54. a4 {[%clk 0:01:06]} Kg7 {[%clk 0:02:56]} 55. Ke1
{[%clk 0:01:18]} Kf6 {[%clk 0:02:57]} 56. Kd1 {[%clk 0:01:39]} Kg7
{[%clk 0:03:19]} 57. Kc1 {[%clk 0:01:54]} Kf6 {[%clk 0:03:43]} 58. g4
{[%clk 0:01:46]} Rg2 {[%clk 0:03:49]} 59. Kb1 {[%clk 0:01:42]} Ke7
{[%clk 0:03:14]} 60. g5 {[%clk 0:01:33]} Rxg5 {[%clk 0:03:07]} 61. Kb2
{[%clk 0:01:37]} Rg3 {[%clk 0:03:19]} 62. Ka3 {[%clk 0:01:51]} Rg4
{[%clk 0:03:41]} 63. b4 {[%clk 0:01:49]} Rg3+ {[%clk 0:03:39]} 64. Kb2
{[%clk 0:02:09]} Kd6 {[%clk 0:02:52]} 65. Kc2 {[%clk 0:01:54]} Ke5
{[%clk 0:02:35]} 66. Be8 {[%clk 0:00:57]} Kd5 {[%clk 0:02:10]} 67. Kd2
{[%clk 0:00:55]} Kc4 {[%clk 0:02:06]} 68. a5 {[%clk 0:01:09]} bxa5
{[%clk 0:01:54]} 69. bxa5 {[%clk 0:01:38]} Rg2+ {[%clk 0:02:10]} 70. Ke3
{[%clk 0:01:47]} Rg3+ {[%clk 0:02:18]} 71. Kf4 {[%clk 0:02:10]} Rxg6
{[%clk 0:02:35]} 72. Bxg6 {[%clk 0:01:33]} Kb5 {[%clk 0:03:00]} 73. Bd3+
{[%clk 0:01:56]} Kxa5 {[%clk 0:03:23]} 1/2-1/2

[Event "EYCC 2024 - O10"]
[Site "?"]
[Date "2024.08.28"]
[Round "6.5"]
[White "Wu, Chenshan"]
[Black "Nakonechnyi, Oleksii"]
[Result "1-0"]
[BlackElo "1891"]
[WhiteElo "1976"]
[LiveChessVersion "1.4.8"]

1. d4 {[%clk 1:30:57]} Nf6 {[%clk 1:30:59]} 2. c4 {[%clk 1:31:19]} e6
{[%clk 1:31:22]} 3. Nc3 {[%clk 1:31:45]} Bb4 {[%clk 1:31:43]} 4. Qc2
{[%clk 1:32:09]} O-O {[%clk 1:32:06]} 5. a3 {[%clk 1:32:23]} Bxc3+
{[%clk 1:32:34]} 6. Qxc3 {[%clk 1:32:43]} Ne4 {[%clk 1:32:59]} 7. Qc2
{[%clk 1:30:42]} f5 {[%clk 1:33:21]} 8. Nf3 {[%clk 1:29:06]} b6 {[%clk 1:33:39]}
9. e3 {[%clk 1:24:38]} Bb7 {[%clk 1:32:42]} 10. Bd3 {[%clk 1:21:06]} d6
{[%clk 1:31:31]} 11. O-O {[%clk 1:20:09]} Nd7 {[%clk 1:30:13]} 12. Nd2
{[%clk 1:15:32]} Nxd2 {[%clk 1:27:13]} 13. Qxd2 {[%clk 1:14:07]} e5
{[%clk 1:26:57]} 14. d5 {[%clk 0:58:56]} Nc5 {[%clk 1:27:02]} 15. Bc2
{[%clk 0:52:10]} a5 {[%clk 1:26:54]} 16. b3 {[%clk 0:50:55]} f4 {[%clk 1:20:49]}
17. exf4 {[%clk 0:48:04]} Rxf4 {[%clk 1:19:41]} 18. Qe2 {[%clk 0:44:07]} Rf7
{[%clk 1:16:19]} 19. Be3 {[%clk 0:37:21]} Qe7 {[%clk 1:09:04]} 20. Bxc5
{[%clk 0:28:41]} bxc5 {[%clk 1:08:59]} 21. a4 {[%clk 0:26:59]} Bc8
{[%clk 1:05:53]} 22. Qd2 {[%clk 0:22:24]} Bf5 {[%clk 1:05:21]} 23. Bxf5
{[%clk 0:22:06]} Rxf5 {[%clk 1:05:49]} 24. Rae1 {[%clk 0:15:47]} Qf7
{[%clk 1:05:03]} 25. f3 {[%clk 0:09:16]} h5 {[%clk 1:04:39]} 26. Re4
{[%clk 0:08:58]} Rb8 {[%clk 1:03:01]} 27. Re3 {[%clk 0:04:11]} Rb4
{[%clk 1:03:21]} 28. Qd3 {[%clk 0:03:09]} Rf6 {[%clk 1:02:49]} 29. Re4
{[%clk 0:02:27]} Qd7 {[%clk 1:01:58]} 30. f4 {[%clk 0:01:25]} Qe7
{[%clk 0:43:36]} 31. fxe5 {[%clk 0:01:22]} dxe5 {[%clk 0:43:52]} 32. Qe3
{[%clk 0:01:22]} Qf7 {[%clk 0:41:58]} 33. Re1 {[%clk 0:01:23]} Rf5
{[%clk 0:41:29]} 34. Qg3 {[%clk 0:01:21]} Rf4 {[%clk 0:37:53]} 35. Rxe5
{[%clk 0:01:36]} Rg4 {[%clk 0:38:06]} 36. Re8+ {[%clk 0:01:27]} Kh7
{[%clk 0:38:34]} 37. Qd3+ {[%clk 0:01:45]} Qg6 {[%clk 0:38:50]} 38. Qxg6+
{[%clk 0:02:09]} Rxg6 {[%clk 0:39:19]} 39. R1e3 {[%clk 0:02:11]} Rgb6
{[%clk 0:39:05]} 40. Ra8 {[%clk 0:02:08]} c6 {[%clk 0:38:33]} 41. dxc6
{[%clk 0:02:25]} Rxc6 {[%clk 0:38:56]} 42. Rxa5 {[%clk 0:02:51]} Rb8
{[%clk 0:39:14]} 43. Rb5 {[%clk 0:02:53]} Rf8 {[%clk 0:39:23]} 44. Re2
{[%clk 0:02:38]} h4 {[%clk 0:39:23]} 45. h3 {[%clk 0:02:56]} Rd6 {[%clk 0:39:17]}
46. Rxc5 {[%clk 0:01:32]} Kh6 {[%clk 0:36:40]} 47. Rd5 {[%clk 0:01:51]} Rdf6
{[%clk 0:36:59]} 48. Rd1 {[%clk 0:02:09]} g5 {[%clk 0:37:17]} 49. c5
{[%clk 0:02:17]} g4 50. hxg4 {[%clk 0:02:38]} Rg8 {[%clk 0:37:37]} 51. Rd6
{[%clk 0:03:00]} 1-0

[Event "EYCC 2024 - O10"]
[Site "?"]
[Date "2024.08.28"]
[Round "6.6"]
[White "Shabunin, Oleksandr"]
[Black "Li, Yunqi"]
[Result "0-1"]
[BlackElo "1968"]
[WhiteElo "1656"]
[LiveChessVersion "1.4.8"]

1. e4 {[%clk 1:30:46]} e6 {[%clk 1:30:47]} 2. d4 {[%clk 1:30:52]} d5
{[%clk 1:31:08]} 3. Nd2 {[%clk 1:30:51]} Nf6 {[%clk 1:31:25]} 4. e5
{[%clk 1:29:58]} Nfd7 {[%clk 1:31:45]} 5. Bd3 {[%clk 1:29:49]} c5
{[%clk 1:32:06]} 6. c3 {[%clk 1:29:52]} Nc6 {[%clk 1:32:30]} 7. Ne2
{[%clk 1:30:13]} cxd4 {[%clk 1:32:49]} 8. cxd4 {[%clk 1:29:12]} f6
{[%clk 1:33:08]} 9. exf6 {[%clk 1:29:21]} Nxf6 {[%clk 1:33:28]} 10. O-O
{[%clk 1:29:14]} Bd6 {[%clk 1:33:49]} 11. Nf3 {[%clk 1:28:44]} Qc7
{[%clk 1:33:50]} 12. g3 {[%clk 1:28:33]} O-O {[%clk 1:31:26]} 13. Bf4
{[%clk 1:28:03]} e5 {[%clk 1:18:08]} 14. dxe5 {[%clk 1:27:46]} Nxe5
{[%clk 1:17:27]} 15. Nxe5 {[%clk 1:28:03]} Bxe5 {[%clk 1:17:46]} 16. Rc1
{[%clk 1:27:43]} Qd6 {[%clk 1:16:16]} 17. Bxe5 {[%clk 1:27:39]} Qxe5
{[%clk 1:16:29]} 18. Qb3 {[%clk 1:27:57]} Ng4 {[%clk 1:01:15]} 19. Rce1
{[%clk 0:34:46]} Qh5 {[%clk 0:50:22]} 20. h4 {[%clk 0:34:10]} Kh8
{[%clk 0:50:10]} 21. Qb4 {[%clk 0:33:47]} Bf5 {[%clk 0:26:43]} 22. Nf4
{[%clk 0:32:52]} Qh6 {[%clk 0:21:33]} 23. Bxf5 {[%clk 0:28:29]} Rxf5
{[%clk 0:21:38]} 24. Re6 {[%clk 0:13:49]} Rf6 {[%clk 0:12:59]} 25. Qxb7
{[%clk 0:10:31]} Rd8 {[%clk 0:13:10]} 26. Qe7 {[%clk 0:10:20]} Rg8
{[%clk 0:12:49]} 27. f3 {[%clk 0:03:02]} Rxe6 {[%clk 0:12:30]} 28. Qxe6
{[%clk 0:02:56]} Nf6 {[%clk 0:12:08]} 29. Re1 {[%clk 0:01:09]} Rf8
{[%clk 0:10:49]} 30. Qe3 {[%clk 0:00:40]} Kg8 {[%clk 0:09:48]} 31. Nh3
{[%clk 0:00:34]} Qg6 {[%clk 0:08:32]} 32. Qe6+ {[%clk 0:00:42]} Kh8
{[%clk 0:08:42]} 33. Qd6 {[%clk 0:00:47]} Rc8 {[%clk 0:08:30]} 34. Nf2
{[%clk 0:00:44]} h6 {[%clk 0:08:47]} 35. g4 {[%clk 0:00:42]} Qc2 {[%clk 0:08:22]}
36. Qb4 {[%clk 0:00:39]} Kh7 {[%clk 0:08:02]} 37. Qd4 {[%clk 0:00:37]} Kh8
{[%clk 0:07:38]} 38. Kg2 {[%clk 0:00:34]} Rb8 {[%clk 0:06:48]} 39. g5
{[%clk 0:00:35]} Qg6 {[%clk 0:06:29]} 40. Qd2 {[%clk 0:00:40]} Nh5
{[%clk 0:06:13]} 41. Qxd5 {[%clk 0:00:34]} Nf4+ {[%clk 0:06:37]} 42. Kg3
{[%clk 0:00:40]} Nxd5 {[%clk 0:07:02]} 43. Ng4 {[%clk 0:00:41]} hxg5
{[%clk 0:07:21]} 44. hxg5 {[%clk 0:00:55]} Qxg5 {[%clk 0:07:39]} 0-1

[Event "EYCC 2024 - O10"]
[Site "?"]
[Date "2024.08.28"]
[Round "6.7"]
[White "Koseoglu, Eymen Isa"]
[Black "Andre, Tomas"]
[Result "0-1"]
[BlackElo "2051"]
[WhiteElo "1652"]
[LiveChessVersion "1.4.8"]

1. e4 {[%clk 1:30:56]} Nf6 {[%clk 1:30:33]} 2. e5 {[%clk 1:31:09]} Nd5
{[%clk 1:30:50]} 3. c4 {[%clk 1:31:13]} Nb6 {[%clk 1:31:18]} 4. d4
{[%clk 1:31:33]} d6 {[%clk 1:31:28]} 5. Nf3 {[%clk 1:29:27]} g6 {[%clk 1:31:07]}
6. exd6 {[%clk 1:26:44]} cxd6 {[%clk 1:31:33]} 7. Nc3 {[%clk 1:25:04]} Bg7
{[%clk 1:31:27]} 8. Be2 {[%clk 1:22:08]} O-O {[%clk 1:31:08]} 9. O-O
{[%clk 1:21:31]} Nc6 {[%clk 1:31:11]} 10. Be3 {[%clk 1:16:36]} e5
{[%clk 1:31:07]} 11. d5 {[%clk 1:08:22]} Ne7 {[%clk 1:30:44]} 12. Qb3
{[%clk 1:02:03]} Bd7 {[%clk 1:21:54]} 13. a4 {[%clk 0:58:32]} Be8
{[%clk 1:16:01]} 14. a5 {[%clk 0:53:26]} Nd7 {[%clk 1:16:10]} 15. Nb5
{[%clk 0:48:07]} Nf5 {[%clk 1:15:24]} 16. Bxa7 {[%clk 0:42:58]} e4
{[%clk 1:07:52]} 17. Nd2 {[%clk 0:35:55]} Qh4 {[%clk 1:06:38]} 18. g3
{[%clk 0:33:37]} Qe7 {[%clk 1:06:14]} 19. Be3 {[%clk 0:26:45]} Nc5
{[%clk 1:05:17]} 20. Bxc5 {[%clk 0:24:10]} dxc5 {[%clk 1:04:32]} 21. d6
{[%clk 0:20:49]} Qe5 {[%clk 0:59:31]} 22. Nxe4 {[%clk 0:16:21]} Qxe4
{[%clk 0:41:29]} 23. Bf3 {[%clk 0:16:02]} Qe5 {[%clk 0:40:48]} 24. Bxb7
{[%clk 0:15:35]} Rb8 {[%clk 0:35:30]} 25. a6 {[%clk 0:12:56]} Bxb5
{[%clk 0:32:12]} 26. cxb5 {[%clk 0:11:50]} Nxd6 {[%clk 0:31:56]} 27. a7
{[%clk 0:09:19]} Nxb7 {[%clk 0:28:12]} 28. axb8=Q {[%clk 0:09:05]} Rxb8
{[%clk 0:28:25]} 29. Ra7 {[%clk 0:06:17]} Nd6 {[%clk 0:23:09]} 30. b6
{[%clk 0:04:50]} Qxb2 {[%clk 0:22:41]} 31. Qxb2 {[%clk 0:03:22]} Bxb2
{[%clk 0:23:08]} 32. Rb1 {[%clk 0:03:19]} Rxb6 {[%clk 0:23:21]} 33. Rd7
{[%clk 0:02:23]} Nc4 {[%clk 0:22:08]} 34. Rc7 {[%clk 0:02:06]} Na3
{[%clk 0:22:20]} 35. Re1 {[%clk 0:01:40]} c4 {[%clk 0:22:21]} 36. Re8+
{[%clk 0:01:47]} Kg7 {[%clk 0:22:50]} 37. Ree7 {[%clk 0:02:04]} Rf6
{[%clk 0:22:51]} 38. Re2 {[%clk 0:02:02]} c3 {[%clk 0:23:04]} 39. Rb7
{[%clk 0:02:13]} c2 {[%clk 0:22:21]} 40. Rxc2 {[%clk 0:02:35]} Nxc2
{[%clk 0:22:43]} 41. Rxb2 Ne1 {[%clk 0:22:26]} 42. Re2 {[%clk 0:03:05]} Nd3
{[%clk 0:22:28]} 43. Rd2 {[%clk 0:03:27]} Nxf2 {[%clk 0:19:44]} 44. Rxf2
{[%clk 0:03:51]} Rxf2 {[%clk 0:20:07]} 45. Kxf2 {[%clk 0:04:15]} Kf6
{[%clk 0:20:32]} 46. Kf3 {[%clk 0:04:28]} Ke5 {[%clk 0:19:53]} 47. Ke3
{[%clk 0:04:46]} h5 {[%clk 0:20:06]} 48. h3 {[%clk 0:04:53]} f6 {[%clk 0:15:56]}
49. h4 {[%clk 0:04:39]} f5 {[%clk 0:15:51]} 50. Kf3 {[%clk 0:04:52]} f4
{[%clk 0:16:06]} 51. gxf4+ {[%clk 0:04:40]} Kf5 {[%clk 0:16:32]} 52. Kg3
{[%clk 0:04:54]} Ke4 {[%clk 0:16:57]} 53. f5 {[%clk 0:04:41]} gxf5
{[%clk 0:17:01]} 54. Kh2 {[%clk 0:04:22]} Kf3 {[%clk 0:17:21]} 55. Kh3
{[%clk 0:04:40]} f4 {[%clk 0:17:42]} 0-1

[Event "EYCC 2024 - O10"]
[Site "?"]
[Date "2024.08.28"]
[Round "6.8"]
[White "Melkonyan, Davit"]
[Black "Szakolczai, Alex"]
[Result "0-1"]
[BlackElo "1962"]
[WhiteElo "1655"]
[LiveChessVersion "1.4.8"]

1. e4 {[%clk 1:30:56]} c6 {[%clk 1:30:55]} 2. d4 {[%clk 1:31:20]} d5
{[%clk 1:31:22]} 3. e5 {[%clk 1:31:45]} Bf5 {[%clk 1:31:47]} 4. c4
{[%clk 1:32:05]} e6 {[%clk 1:32:05]} 5. Nc3 {[%clk 1:31:50]} Nd7 {[%clk 1:29:38]}
6. a3 {[%clk 1:26:30]} dxc4 {[%clk 1:27:10]} 7. Bxc4 {[%clk 1:26:22]} Nb6
{[%clk 1:27:32]} 8. Bb3 {[%clk 1:25:32]} Ne7 {[%clk 1:26:22]} 9. Nge2
{[%clk 1:24:54]} Ned5 {[%clk 1:24:40]} 10. Ng3 {[%clk 1:21:42]} Bg6
{[%clk 1:24:24]} 11. O-O {[%clk 1:19:33]} Be7 {[%clk 1:23:58]} 12. f4
{[%clk 1:08:05]} Qd7 {[%clk 1:22:48]} 13. Bc2 {[%clk 0:44:24]} Bxc2
{[%clk 1:21:53]} 14. Qxc2 {[%clk 0:44:46]} O-O-O {[%clk 1:13:02]} 15. Nge4
{[%clk 0:40:58]} Nxc3 {[%clk 1:08:48]} 16. bxc3 {[%clk 0:41:07]} Qd5
{[%clk 1:09:08]} 17. Bb2 {[%clk 0:37:01]} Nc4 {[%clk 1:08:10]} 18. Rfe1
{[%clk 0:35:26]} Rhg8 {[%clk 1:06:29]} 19. Nd2 {[%clk 0:29:30]} Nxb2
{[%clk 0:51:49]} 20. Qxb2 {[%clk 0:29:47]} g5 {[%clk 0:52:12]} 21. f5
{[%clk 0:26:02]} exf5 {[%clk 0:52:04]} 22. Qc2 {[%clk 0:25:37]} Qe6
{[%clk 0:50:57]} 23. Rab1 {[%clk 0:25:12]} Kb8 {[%clk 0:46:43]} 24. Nb3
{[%clk 0:23:57]} Ka8 {[%clk 0:46:44]} 25. Na5 {[%clk 0:22:57]} Rd7
{[%clk 0:46:00]} 26. Rb2 {[%clk 0:18:42]} Rb8 {[%clk 0:45:31]} 27. Reb1
{[%clk 0:18:15]} Bd8 {[%clk 0:45:45]} 28. Nb3 {[%clk 0:18:21]} Bb6
{[%clk 0:43:56]} 29. Nd2 {[%clk 0:17:56]} Re8 {[%clk 0:41:52]} 30. Qa4
{[%clk 0:17:21]} Bd8 {[%clk 0:40:12]} 31. Nb3 {[%clk 0:16:25]} Be7
{[%clk 0:33:21]} 32. Na5 {[%clk 0:16:13]} b5 {[%clk 0:33:24]} 33. Qc2
{[%clk 0:14:23]} Bd8 {[%clk 0:32:56]} 34. Nb3 {[%clk 0:14:31]} Bb6
{[%clk 0:33:17]} 35. Kh1 {[%clk 0:14:12]} f6 {[%clk 0:32:32]} 36. Re1
{[%clk 0:13:45]} Rd5 {[%clk 0:31:47]} 37. c4 {[%clk 0:13:23]} bxc4
{[%clk 0:32:01]} 38. Qxc4 {[%clk 0:13:46]} Rxe5 {[%clk 0:32:09]} 39. Rxe5
{[%clk 0:13:38]} fxe5 {[%clk 0:32:28]} 40. Qa6 {[%clk 0:13:44]} exd4
{[%clk 0:32:40]} 41. g3 {[%clk 0:13:31]} Qd5+ {[%clk 0:32:58]} 42. Kg1
{[%clk 0:13:51]} d3+ 0-1